Music Quiz

Random Music or Song Quiz

Avenged sevenfold Quiz Stats

 Plays Quiz not verified by Sporcle

Challenge
Share
Tweet
Embed
Score 0/12 Timer 07:00
0 Plays Today
Lyric Title % Correct
'Dragged ya down below, down to the devils show'Nightmare
98.2%
'Hey Kid! Do I have your attention?'Welcome to the Family
95.8%
'Never feared for anything. Never shamed but never free'So Far Away
88.6%
'Take the time just to listen, when the voices screaming are much too loud'Buried Alive
82.8%
'Now I think I understand, how this world can overcome a man'Fiction
79.3%
'My 16 locked and loaded. All fear has been avoided. You say the words and my weapon is drawn'Danger Line
77%
'TOTAL NIGHTMARE!!! TOTAL NIGHTMARE!!!'God Hates Us
76.3%
'House full of roses, a letter on the stairs'Victim
71.2%
'Sorry did i wake your dreams? Some questions run too deep'Save Me
70.2%
'One snap for the dying. One click to end the day'Natural Born Killer
69.1%
'Lost the meaning of our stay. Learn to live another day'Tonight the World Dies
61.2%
'Run away, im living with a hole inside. A peice of me that i have yet to find'Lost It All
42.3%

You're not logged in!

Compare scores with friends on all Sporcle quizzes.
OR
Log In

You Might Also Like...

Show Comments

Extras

Top Quizzes Today


Score Distribution

Your Account Isn't Verified!

In order to create a playlist on Sporcle, you need to verify the email address you used during registration. Go to your Sporcle Settings to finish the process.

Report this User

Report this user for behavior that violates our Community Guidelines.

Details: